Programming with C (Record no. 3666)
[ view plain ]
| 000 -LEADER | |
|---|---|
| fixed length control field | 00328nam a2200145Ia 4500 |
| 008 - FIXED-LENGTH DATA ELEMENTS--GENERAL INFORMATION | |
| fixed length control field | 191201s2007 xx 000 0 und d |
| 082 ## - DEWEY DECIMAL CLASSIFICATION NUMBER | |
| Classification number | 005.133 |
| Item number | GOS |
| 100 ## - MAIN ENTRY--PERSONAL NAME | |
| Personal name | GOTTFRIED, Byron S |
| 245 #0 - TITLE STATEMENT | |
| Title | Programming with C |
| 250 ## - EDITION STATEMENT | |
| Edition statement | Rep. |
| 260 ## - PUBLICATION, DISTRIBUTION, ETC. (IMPRINT) | |
| Place of publication, distribution, etc | N.Delhi |
| Name of publisher, distributor, etc | TMH |
| Date of publication, distribution, etc | 2007 |
| 300 ## - PHYSICAL DESCRIPTION | |
| Extent | Miscl |
| 650 ## - SUBJECT ADDED ENTRY--TOPICAL TERM | |
| Topical term or geographic name as entry element | MCA |
| 942 ## - ADDED ENTRY ELEMENTS (KOHA) | |
| Source of classification or shelving scheme | Dewey Decimal Classification |
| Koha item type | Text Books |
| Withdrawn status | Lost status | Source of classification or shelving scheme | Damaged status | Not for loan | Collection code | Home library | Current library | Date acquired | Source of acquisition | Cost, normal purchase price | Bill Number | Total Checkouts | Full call number | Acc. no. / Barcode | Date last seen | Date last borrowed | Bill Date | Koha item type |
|---|---|---|---|---|---|---|---|---|---|---|---|---|---|---|---|---|---|---|
| Dewey Decimal Classification | MCA | PIET C-LIBRARY | PIET C-LIBRARY | 19/12/2008 | J B C, New Delhi | 325.00 | SI-4643 | 1 | 005.133 GOP | 10506 | 14/10/2022 | 28/09/2022 | 11/12/2008 | Text Books | ||||
| Dewey Decimal Classification | Computer Science & Engineering in Cyber Security | PIET C-LIBRARY | PIET C-LIBRARY | 19/12/2008 | J B C, New Delhi | 325.00 | SI-4643 | 1 | 005.133 GOP | 10507 | 14/10/2022 | 30/09/2022 | 11/12/2008 | Text Books | ||||
| Dewey Decimal Classification | Computer Science and Engineering in AI & Machine Learning | PIET C-LIBRARY | PIET C-LIBRARY | 19/12/2008 | J B C, New Delhi | 325.00 | SI-4643 | 005.133 GOS | 10508 | 04/12/2019 | 11/12/2008 | Text Books |